| 000 | 00395cam a2200145ua 4500 | ||
|---|---|---|---|
| 082 |
_a028.73423 _bCOU/OX |
||
| 100 |
_aCoulson, J . _91828 |
||
| 245 | 0 | 0 | _aOxford illustrated Dictionary / |
| 260 |
_aLondon : _bOxford University Press , _c1963. |
||
| 300 | _a974 ; . | ||
| 700 | 1 |
_aCarr, C.T . _91829 |
|
| 700 | 1 |
_aEagle, Dorothy . _91830 |
|
| 700 | 1 |
_aHutchinson, Lucy . _91831 |
|
| 942 | _cBK | ||
| 999 |
_c10844 _d10844 |
||